Pokémon - Dragon-type Pokémon - Statistics

General Stats
  • This quiz has been taken 425 times
    13 since last reset
  • The average score is 84 of 98
Answer Stats
Second Type Pokémon % Correct
Flying Altaria
100%
N/A Axew
100%
N/A Bagon
100%
Ice Baxcalibur
100%
Dark Deino
100%
Steel Dialga
100%
Ghost Dragapult
100%
N/A Dragonair
100%
PRIMARY DRAGON (Flying) Dragonite
100%
Normal Drampa
100%
MONOTYPE Dratini
100%
Ghost Dreepy
100%
N/A Druddigon
100%
N/A Fraxure
100%
Ice Frigibax
100%
Ground Gabite
100%
Ground Garchomp
100%
Ground Gible
100%
Dark Guzzlord
100%
Fighting Hakamo-o
100%
N/A Haxorus
100%
Dark Hydreigon
100%
N/A Jangmo-o
100%
Fighting Kommo-o
100%
Ice Kyurem
100%
Psychic Latias
100%
Psychic Latios
100%
Flying Noibat
100%
Flying Noivern
100%
Water Palkia
100%
Fire Reshiram
100%
Flying Salamence
100%
Rock Tyrantrum
100%
Rock Tyrunt
100%
Electric Zekrom
100%
Dark Zweilous
100%
Grass Appletun
88%
Grass Applin
88%
Steel Archaludon
88%
Ice Arctibax
88%
Normal Cyclizar
88%
Poison Dragalge
88%
Ghost Drakloak
88%
Steel Duraludon
88%
Poison Eternatus
88%
Grass Flapple
88%
N/A Goodra
88%
N/A Goomy
88%
Fire Gouging Fire
88%
Grass Hydrapple
88%
Water Kingdra
88%
Fairy Mega Altaria
88%
Poison Naganadel
88%
Electric Raging Bolt
88%
Flying Rayquaza
88%
N/A Shelgon
88%
N/A Sliggoo
88%
Fire Turtonator
88%
Grass Alola Exeggutor
75%
Ghost Altered Giratina
75%
Ice Black Kyurem
75%
Grass Dipplin
75%
Water Dracovish
75%
Electric Dracozolt
75%
Ground Flygon
75%
Steel Hisuian Goodra
75%
Steel Hisuian Sliggoo
75%
Electric Mega Ampharos
75%
Ice Mega Baxcalibur
75%
SECONDARY DRAGON (Fire) Mega Charizard X
75%
Dragon Mega Dragonite
75%
Normal Mega Drampa
75%
Ground Mega Garchomp
75%
Psychic Mega Latias
75%
Psychic Mega Latios
75%
Flying Mega Rayquaza
75%
Flying Mega Salamence
75%
Grass Mega Sceptile
75%
Ground Mega Zygarde
75%
Steel Origin Dialga
75%
Ghost Origin Giratina
75%
Water Origin Palkia
75%
Ground Perfect Zygarde
75%
Water Tatsugiri
75%
Psychic Ultra Necrozma
75%
Ground Vibrava
75%
Water Walking Wake
75%
Ice White Kyurem
75%
Ground Zygarde 10%
75%
Ground Zygarde 50%
75%
Fighting Koraidon
63%
Poison Mega Dragalge
63%
Water Mega Feraligatr
63%
Water Mega Tatsugiri
63%
Electric Miraidon
63%
N/A Regidrago
63%
Dark Roaring Moon
63%
N/A Mega Garchomp Z
50%
No matching quizzes found
Score Distribution
Percent of People with Each Score
Percentile by Number Answered
Your Score History
You have not taken this quiz since the last reset